|
|
|
|
| LEADER |
01114nam a22002417a 4500 |
| 001 |
mzk03001223996 |
| 003 |
CZ BrMZK |
| 005 |
20160107125054.0 |
| 007 |
ta |
| 008 |
010907s1834 xr fr|||||00| ||czeod |
| 040 |
|
|
|a BOA001
|b cze
|c BOA001
|
| 072 |
|
7 |
|a 094.5
|x Tisky (19. století)
|2 Konspekt
|9 12
|
| 100 |
1 |
|
|a Elsner, Jan Theofil,
|d 1717-1782
|7 jk01030436
|4 aut
|
| 245 |
1 |
0 |
|a Kancyonál To gest Knjha Žalmů y Pjsnj Duchownjch :
|b od rozličných Mužů Božjch Bratřj Českých y giných k Wzdělánj Probuzenj a Potěssenj Cyrkwe Krystowé w Bázni Božj složených, sebraných, a wydaných : Nynj pak pro Nedostatek potřebných Exemplářů we Gménu Páně w nowě zase wytisstěných, a Podlé Prawidla samého čistého y celého Slowa Božjho vpřjmně spořadaných, ... Podlé Berlinského Exempláře 1753.
|
| 260 |
|
|
|a W Praze :
|b synowé Bohumila Háze,
|c 1834
|
| 300 |
|
|
|a [31], 917, [30], 42, [2] s. ;
|c 8°
|
| 561 |
|
|
|a Provenience: Sušil
|
| 910 |
|
|
|a BOE452
|b Mn
|
| 978 |
|
|
|b Ház, Bohumil - synové
|a Praha
|c 1834
|
| 984 |
|
|
|a Praha
|b Česko
|
| 985 |
|
|
|a 1801-1850
|
| 990 |
|
|
|a BK
|
| 991 |
|
|
|k minorite
|